000 01065nam a22002537a 4500
005 20240530110508.0
008 151013s2011 ua g b 000 i ara d
017 _a2011/5339
_bمصر . دار الكتب المصرية
020 _a9789773222804
040 _aEG-CaGPL
082 0 4 _221
_a816\
_bس أ
100 0 _aسعيد اكنبى عالمى
245 1 2 _aالاسلوبيات التاريخية :
_bفن التراسل فى الادب العربى /
_cتاليف سعيد اكنبى عالمى ؛ تقديم سعيد مصلوح
250 _aط1
260 _aالقاهرة :
_bعين للدراسات و البحوث الانسانية و الاجتماعية ،
_c2011 .
300 _a155 ص ؛
_c24 سم .
504 _aيشتمل على ارجاعات ببليوجرافية
650 0 4 _aالرسائل العربية
_xتاريخ و نقد
650 0 4 _aالادب العربى
_xمجموعات
650 0 4 _aالرسائل
700 0 _aسعيد مصلوح
_eمقدم
942 _2ddc
_cBK
999 _c61602
_d61602